000 00550nam a2200205Ia 4500
005 20250508152643.0
008 008 250505s9999 xx 000 0 eng d
037 _aTextual
040 _aFEDL
_beng
_cFEDL
041 _aeng
_2eng
084 _a428.6, CHA
_qFEDL
100 _aChari Ahalya
_9762069
245 0 _aMy english course
260 _aBombay, India
_bOrient Longman Pvt. Ltd.
_c1960
300 _a105p
365 _aINR
_b1.15
650 _aEnglish Language
942 _cTEXL
_h428.6, CHA
999 _c1337832
_d1337832